Nghiên cứu Trung Quốc học : (Những bài viết chọn lọc)
Bao gồm những bài nghiên cứu về Trung Quốc trong 30 năm cải cách, phát triển trên các lĩnh vực kinh tế, chính trị, quan hệ đối ngoại...
Сохранить в:
| Главный автор: | |
|---|---|
| Формат: | |
| Язык: | Undetermined |
| Опубликовано: |
Hà Nội
Khoa học - Xã hội
2008
|
| Предметы: | |
| Метки: |
Добавить метку
Нет меток, Требуется 1-ая метка записи!
|
| Thư viện lưu trữ: | Trung tâm Học liệu Trường Đại học Cần Thơ |
|---|
| LEADER | 00851nam a2200229Ia 4500 | ||
|---|---|---|---|
| 001 | CTU_147663 | ||
| 008 | 210402s9999 xx 000 0 und d | ||
| 020 | |c 125000 | ||
| 082 | |a 951 | ||
| 082 | |b Qu600 | ||
| 100 | |a Nguyễn, Huy Quý | ||
| 245 | 0 | |a Nghiên cứu Trung Quốc học : | |
| 245 | 0 | |b (Những bài viết chọn lọc) | |
| 245 | 0 | |c Nguyễn Huy Quý | |
| 260 | |a Hà Nội | ||
| 260 | |b Khoa học - Xã hội | ||
| 260 | |c 2008 | ||
| 520 | |a Bao gồm những bài nghiên cứu về Trung Quốc trong 30 năm cải cách, phát triển trên các lĩnh vực kinh tế, chính trị, quan hệ đối ngoại... | ||
| 650 | |a China,Trung Quốc | ||
| 650 | |x History,Lịch sử | ||
| 904 | |i Trọng Hải | ||
| 980 | |a Trung tâm Học liệu Trường Đại học Cần Thơ | ||